Wojny w XX wieku - nagła śmierć - Statystyki

Ogólne statystyki
  • Ten quiz został rozwiązany 207 razy
  • Średni wynik to 9 z 20
Answers on the Grid
Answers color-coded by a green-red scale on the quiz's grid according to % correct below.
I wojna bałkańska
I wojna burska
I wojna czeczeńska
I wojna północna
I wojna światowa
I wojna w Zatoce Perskiej
II wojna światowa
II wojna w Zatoce Perskiej
Kryzys sueski
Wojna amerykańsko-meksykańska
Wojna domowa w Chinach
Wojna domowa w Hiszpanii
Wojna domowa w Jugosławii
Wojna domowa w Syrii
Wojna futbolowa
Wojna grecko-turecka
Wojna iracko-irańska
Wojna Jom Kippur
Wojna koreańska
Wojna krymska
Wojna polsko-bolszewicka
Wojna rosyjsko-japońska
Wojna rosyjsko-ukraińska
Wojna stuletnia
Wojna sześciodniowa
Wojna trzynastoletnia
Wojna w Afganistanie
Wojna w Wietnamie
Wojna zimowa
Wojny napoleońskie
 
Statystyki odpowiedzi
Odpowiedź % Poprawnych
II wojna światowa
82%
I wojna światowa
77%
I wojna bałkańska
58%
Wojna domowa w Jugosławii
57%
Wojna koreańska
49%
Wojna polsko-bolszewicka
49%
I wojna czeczeńska
48%
Wojna domowa w Hiszpanii
44%
Wojna w Wietnamie
43%
I wojna w Zatoce Perskiej
40%
Wojna domowa w Chinach
39%
Kryzys sueski
38%
Wojna rosyjsko-japońska
36%
Wojna futbolowa
34%
Wojna w Afganistanie
33%
Wojna iracko-irańska
32%
Wojna zimowa
29%
Wojna sześciodniowa
27%
Wojna Jom Kippur
21%
Wojna grecko-turecka
20%
Nie znaleziono quizów pasujących do podanych kryteriów
Rozkład punktacji
Procent ludzi z każdym wynikiem
Percentyl według liczby udzielonych odpowiedzi
Twoja historia wyników
Nie rozwiązałeś tego quizu